000 01117nam a2200265Ia 4500
003 OSt
005 20200819194406.0
008 191128s2014 ck ad gr 000 0 spa d
020 _a9789223292997
040 _aCo-JMCR
_cCo-JMCR
041 0 _aspa
082 0 4 _a368.4 /
_bL697l
_223
245 0 _aLibro blanco del sistema de subsidio familiar :
_bresultados de un estudio cualitativo/
250 _aPrimera edición
260 _aColombia :
_bMinisterio del Trabajo,
_c2014.
300 _a164 páginas :
_bgráficos a blanco y negro, fotografías a color ;
_c24 cm.
500 _aIncluye notas a pie de páginas.
505 0 _aEvolución y estado del arte del subsidio familiar en Colombia -- Construcción de una visión del sistema de subsidio familiar en Colombia -- Estrategia para el fortalecimiento del sistema de subsidio familiar en Colombia
650 2 4 _aSeguridad social
_zColombia
_97785
650 2 4 _a Materia Subsidios
_xfamiliares
_98993
650 2 4 _aInvestigaciones
_zColombia
_98994
650 2 4 _aMateria Subsidios
_xfamiliares
_98995
650 2 4 _aHistoria
_zColombia
_98996
942 _2ddc
_cBK
999 _c5205
_d5205